Das kleine Einmaleins in 2 Minuten - Statistiken

Allgemein
  • Dieses Quiz wurde 3.043 mal gespielt
  • Das Durchschnittsergebnis liegt bei 83 aus 100
Antwortstatistiken
Antwort % Korrekt
1
100%
2
100%
10
99%
3
99%
4
99%
5
99%
6
99%
7
99%
8
99%
9
99%
10
98%
12
98%
14
98%
16
98%
2
98%
4
98%
6
98%
8
98%
12
97%
15
97%
18
97%
18
97%
20
97%
21
97%
3
97%
6
97%
9
97%
24
96%
27
96%
30
96%
4
96%
12
95%
8
95%
16
94%
20
94%
24
94%
28
94%
40
94%
5
94%
10
93%
15
93%
20
93%
25
93%
32
93%
36
93%
30
92%
35
92%
40
92%
45
92%
50
92%
6
92%
12
91%
18
90%
24
89%
30
89%
36
88%
42
88%
60
88%
7
88%
48
87%
14
86%
54
86%
21
84%
28
84%
35
83%
42
81%
49
81%
56
80%
70
79%
8
79%
63
78%
16
76%
24
73%
32
71%
40
69%
48
69%
56
67%
80
65%
9
65%
64
64%
18
62%
72
62%
27
58%
36
57%
45
56%
10
55%
20
53%
54
53%
30
52%
40
52%
63
52%
90
52%
50
51%
60
51%
70
50%
72
50%
80
50%
81
50%
100
49%
90
49%
Keine übereinstimmenden Quizze gefunden
Verteilung der Resultate
Anzahl Personen mit jedem Resultat
Perzentil nach korrekt beantworteten Fragen
Ihre Resultats-Entwicklung
Sie haben dieses Quiz noch nicht gespielt